Normal view
MARC view
- Packing for shipment
Entry Topical Term
001 - CONTROL NUMBER
- control field: 42758
003 - CONTROL NUMBER IDENTIFIER
- control field: NUST
005 - DATE AND TIME OF LATEST TRANSACTION
- control field: 20210314132419.0
008 - FIXED-LENGTH DATA ELEMENTS
- fixed length control field: 210314|| aca||aabn | a|a d
040 ## - CATALOGING SOURCE
- Original cataloging agency: NUST
- Transcribing agency: NUST
150 ## - HEADING--TOPICAL TERM
- Topical term or geographic name entry element: Packing for shipment
670 ## - SOURCE DATA FOUND
- Source citation: Work cat.: (NUST): Mustin, Gordon S. 42757, Theory and practice of cushion design, 1968.
